| 000 | 00667nam 22001813 4500 | ||
|---|---|---|---|
| 001 | 202118 | ||
| 010 | _a978-972-8505-5-25-7 | ||
| 090 | _a202118 | ||
| 100 | _a20260511d u||y0pory50 ba | ||
| 200 |
_aXelb 10: Revista de Arqueologia, Arte, etnologia e História 2010 _fActas do 7º Encontro de Arqueologia do Algarve |
||
| 210 |
_aSilves _cMuseu Municipal de Arqueologia, Câmara Municipal de Silves _d2010 |
||
| 215 |
_a915 p. _cencadernado _d28 cm |
||
| 606 |
_94668 _aArqueologia |
||
| 675 |
_a902 _vPT _zpor |
||
| 710 |
_917278 _aEncontro de Arqueologia do Algarve _eSilves _f22, 23e 24 de Outubro 2009 |
||
| 801 |
_aPT _bBMMN _gRPC |
||
| 830 |
_cFernando _fFernando |
||
| 990 | _cLIVROS | ||